000 00511nam a2200205Ia 4500
008 230125s9999 xx 000 0 und d
020 _a81-7881-669-5
041 _aeng
082 _a658.15
_bICF
100 _aICFAI
245 _aStrategic Financial Management
250 _a1st Ed.
260 _c2004
_bICFAI publication
_aHyderabad
300 _a510p
440 _aICFAI
500 _aStrategic FM;ICFAI Series Book
650 _aFinancial Management
700 _aICFAI
999 _c89900
_d89900